000 00684nam a2200205Ia 4500
005 20260114155001.0
008 008 250103s9999 xx 000 0 eng d
037 _aTheses
040 _aCRL
_beng
_cCRL
041 _aeng
_2eng
084 _qCRL
100 _aMittal Parul Au.
_9869319
245 0 _aBiological Evaluation of Hetero/Homodimeric Ligands Based on Small Biomolecules as Theranostics for Neurodegenerative Disorders
260 _aDelhi
_bUniversity of Delhi. Faculty of Science. Deptt. of Zoology
_c2024
300 _a144p.
650 _aZoology
_9869320
700 _a Agrawal Namita Gu. Hazari Puja Panwar Gu.
_9869321
942 _cTH
999 _c1469483
_d1469483